• 首页
  • 本馆介绍
  • 公告通知
  • 最新文献
  • 馆藏检索
  • 电子资源
  • 读者导购
  • 参考咨询
  • 我的图书馆
  • 登录
  • 详细信息显示
  • 放入我的书架
  • 预约/预借图书
  • 作者相关作品
  • 分类相关作品
  • 丛书相关作品
  • 出版社相关作品

书目信息

  • 表格格式
  • 工作单格式
  • 卡片格式
题名:
俄国普加乔夫起义
    
 
作者: 徐云霞 编
分册:  
出版信息: 北京   商务印书馆  1983
页数: 55页
开本: 19cm
丛书名: 外国历史小丛书
单 册:
中图分类: K512.34
科图分类:
主题词: 普加乔夫起义(1773~1775)
电子资源:
ISBN:
000 00692nam2 2200253 45
001 0183004169
005 20060516145218.87
010    @dCNY0.18
091    @a11017.640
100    @a19950425d1983 em y0chiy0121 ea
101 0  @achi
102    @aCN@b110000
105    @ay z 000yy
200 10 @a俄国普加乔夫起义@Ae guo pu jia qiao fu qi yi@f徐云霞编@Fxu yun xia bian
210    @a北京@c商务印书馆@d1983
215    @a55页@d19cm
225 2  @a外国历史小丛书
410  0 @120010@a外国历史小丛书
606    @a普加乔夫起义(1773~1775)
690    @aK512.34@v3
701  0 @a徐云霞@Axu yun xia@4编
801  0 @aCN@bTSSF@c20060516
801  2 @aCN@bNLC@c20060417
905    @a10447@dK512.34@e9
    
    俄国普加乔夫起义/徐云霞编.-北京:商务印书馆,1983
    55页;19cm.-(外国历史小丛书)
    
    
    ISBN :CNY0.18
    
●
相关链接 在E读中查询图书 在五车中查询图书 在当当中查询图书 在豆瓣中查询图书


正题名:俄国普加乔夫起义     索取号:K512.34/9         预约/预借

序号 登录号 条形码 馆藏地/架位号 状态 备注
1 0122535   001693750   密集书库/ [索取号:K512.34/9] 在馆    
2 0122536   202336677   密集书库/ [索取号:K512.34/9] 在馆    
3 0216712   202336668   密集书库/ [索取号:K512.34/9] 在馆    
唐山师范学院图书馆 欢迎您!
大连网信软件有限公司© 版权所有